Juegos de música / (Registro nro. 11165)

Detalles MARC
000 -LEADER
fixed length control field 00813nam a22002657a 4500
001 - CONTROL NUMBER
control field 001144
003 - CONTROL NUMBER IDENTIFIER
control field DO-SdBNP
005 - DATE AND TIME OF LATEST TRANSACTION
control field 20180301131502.0
007 - PHYSICAL DESCRIPTION FIXED FIELD--GENERAL INFORMATION
fixed length control field 001144
008 - FIXED-LENGTH DATA ELEMENTS--GENERAL INFORMATION
fixed length control field 160815b 2007 cu ||||| |||| 00| 0 spa d
020 ## - INTERNATIONAL STANDARD BOOK NUMBER
International Standard Book Number 9789590809553
040 ## - CATALOGING SOURCE
Original cataloging agency BPMSU
Language of cataloging spa
Transcribing agency BPMSU
092 ## - LOCALLY ASSIGNED DEWEY CALL NUMBER (OCLC)
Classification number xxxxxxxx
Item number xxxxxxxx
100 1# - MAIN ENTRY--PERSONAL NAME
Personal name Bonachea Entrialgo, Roberto
245 1# - TITLE STATEMENT
Title Juegos de música /
Statement of responsibility, etc. Roberto Bonachea Entrialgo ; edición Janet Rayneri Martínez ; ilustraciones Roberto Bonachea Entrialgo
250 ## - EDITION STATEMENT
Edition statement 2a ed.
260 ## - PUBLICATION, DISTRIBUTION, ETC. (IMPRINT)
Place of publication, distribution, etc. Habana, Cuba :
Name of publisher, distributor, etc. Gente Nueva,
Date of publication, distribution, etc. 2007.
300 ## - PHYSICAL DESCRIPTION
Extent 87 p. :
Other physical details il.,
Dimensions 24 cm.
490 1# - SERIES STATEMENT
Series statement Biblioteca escolar
504 ## - BIBLIOGRAPHY, ETC. NOTE
Bibliography, etc Bibliografía : p. 87
830 #0 - SERIES ADDED ENTRY--UNIFORM TITLE
Uniform title Biblioteca escolar
942 ## - ADDED ENTRY ELEMENTS (KOHA)
Source of classification or shelving scheme Dewey Decimal Classification
Koha item type Libros
945 ## - LOCAL PROCESSING INFORMATION (OCLC)
a Inventariado, 2018 /LP
956 ## - LOCAL ELECTRONIC LOCATION AND ACCESS (OCLC)
Host name BTAVÁREZ
Access number 10
Compression information 20161508
Path 001144
Existencias
Withdrawn status Lost status Source of classification or shelving scheme Damaged status Not for loan Collection code Home library Current library Date acquired Source of acquisition Total Checkouts Barcode Date last seen Price effective from Koha item type Copy number
    Dewey Decimal Classification     Colección Juvenil General Biblioteca Pública Metropolitana Salomé Ureña Biblioteca Pública Metropolitana Salomé Ureña 08/15/2016 Compra   BPMSU16080191 08/15/2016 08/15/2016 Libros  
    Dewey Decimal Classification     Colección Juvenil General Biblioteca Pública Metropolitana Salomé Ureña Biblioteca Pública Metropolitana Salomé Ureña 08/15/2016 Compra   BPMSU16080192 08/15/2016 08/15/2016 Libros ej. 2